| 000 | 00402nam a22001337a 4500 | ||
|---|---|---|---|
| 082 |
_a355.0095491 _bHIS _cL-39, P-125 |
||
| 110 |
_aAzad kashmir regimental centre mansar _937926 |
||
| 245 | _aHistory of the azad kashmir regiment | ||
| 250 | _a1st ed. | ||
| 260 |
_aMansar: _bRegimental history cell, _c1997. |
||
| 300 | _axviii, 496 p.: | ||
| 526 |
_a0 _b0 _c0 _d355_009549100000000_HIS |
||
| 942 |
_2ddc _cBK |
||
| 999 |
_c542664 _d542664 |
||